| 000 | 00466nam a2200157Ia 4500 | ||
|---|---|---|---|
| 008 | 220214s9999 xx 000 0 und d | ||
| 022 | _a0304-3746 | ||
| 245 | 0 | _aAGROECOSYSTEMS | |
| 246 | _aAgriculture, Ecosystems and Environment | ||
| 260 | _bElsevier Science Publishers B.V., Amsterdam, The Netherlands | ||
| 310 | _aQ | ||
| 500 | _aEnding Volume & Year: 8, 1982 | ||
| 500 | _aMissing Volume: 6(1-2) | ||
| 500 | _aStarting Volume & Year: 4, 1977 | ||
| 942 | _cBJ | ||
| 999 |
_c9672 _d9672 |
||